[Event "ch-RUS Blitz w 2016"]
[Site "Sochi RUS"]
[Date "2016.10.04"]
[Round "21.13"]
[White "Makarenko, Alexandra"]
[Black "Vyrtosu, Natalia"]
[Result "1-0"]
[WhiteTitle "WFM"]
[WhiteElo "2243"]
[BlackElo "1668"]
[WhiteFideId "4165055"]
[BlackFideId "34187518"]
[EventDate "2016.10.04"]

1. e4 c6 2. d4 d5 3. exd5 cxd5 4. Nf3 Nf6 5. c4 e6 6. Nc3 Be7 7. cxd5 exd5 8.
Bd3 Nc6 9. O-O O-O 10. Re1 Bg4 11. Be2 Re8 12. h3 Bh5 13. Be3 a6 14. Rc1 Bd6 15.
Qb3 Rb8 16. a3 Bc7 17. Na4 Na5 18. Qc3 Rc8 19. Qd2 b5 20. Nc5 Ra8 21. b4 Nc4 22.
Bxc4 bxc4 23. g4 Bg6 24. Bf4 Bxf4 25. Qxf4 Qb6 26. Ne5 Rad8 27. h4 Be4 1-0

[Event "ch-RUS Blitz w 2016"]
[Site "Sochi RUS"]
[Date "2016.10.04"]
[Round "21.14"]
[White "Semenova, Elena1"]
[Black "Travkina, Anastasia"]
[Result "1-0"]
[WhiteTitle "WIM"]
[BlackTitle "WFM"]
[WhiteElo "2256"]
[BlackElo "2292"]
[WhiteFideId "24125148"]
[BlackFideId "24129151"]
[EventDate "2016.10.04"]

1. e4 e5 2. Nf3 Nc6 3. Bc4 Nf6 4. O-O d6 5. Ng5 d5 6. exd5 b5 7. Bxb5 Qxd5 8.
Nc3 Qd7 9. d3 Bb7 10. Nce4 Nxe4 11. dxe4 O-O-O 12. Qxd7+ Rxd7 13. Be3 h6 14. Nf3
f6 15. Rfd1 Bd6 16. Nh4 Rdd8 17. Nf5 g6 18. Nxd6+ Rxd6 19. c3 f5 20. exf5 gxf5
21. f3 a6 22. Bd3 Rf6 23. Bc2 Ne7 24. Bb3 Rh7 25. Kf1 Rg7 26. Rd2 e4 27. f4 c6
28. Rad1 Nd5 29. Bxd5 cxd5 30. Bd4 Rgg6 31. Bxf6 Rxf6 32. Kf2 a5 33. Ke3 Re6 34.
Rxd5 Bxd5 35. Rxd5 Rb6 36. b3 a4 37. Rxf5 axb3 38. axb3 Rxb3 39. Rc5+ Kd7 40.
Kxe4 Rb2 41. Kf3 Rc2 42. h3 Kd6 43. Rc8 Kd7 44. Rc4 h5 45. g3 Ke6 46. Rc5 Kd6
47. Rxh5 Rxc3+ 48. Kg4 Ke6 49. Ra5 Kf6 50. Ra6+ Kg7 51. h4 Kh7 52. h5 Kg7 53.
Kh4 Rc1 54. Kg5 Kh7 55. Ra7+ Kh8 56. g4 Rc5+ 57. f5 Rc6 58. f6 Rc5+ 59. Kg6 Rc8
60. Rh7+ 1-0

[Event "ch-RUS Blitz w 2016"]
[Site "Sochi RUS"]
[Date "2016.10.04"]
[Round "21.15"]
[White "Abramova, Yulia"]
[Black "Pavlova, Natalia"]
[Result "1-0"]
[WhiteElo "1969"]
[BlackElo "1990"]
[WhiteFideId "24104655"]
[BlackFideId "24135615"]
[EventDate "2016.10.04"]

1. e4 c5 2. c3 Nc6 3. d4 cxd4 4. cxd4 Nf6 5. d5 Nb8 6. Nc3 d6 7. Nf3 g6 8. Be2
Bg7 9. O-O O-O 10. Bg5 Nbd7 11. Rc1 Nc5 12. Nd2 a6 13. b4 Ncd7 14. a3 b5 15. a4
bxa4 16. Nxa4 Nb6 17. Nc3 Bd7 18. Be3 a5 19. bxa5 Rxa5 20. Qb3 Na4 21. Nxa4 Rxa4
22. f3 Qa8 23. Nc4 Ra2 24. Nb6 Qa3 25. Qxa3 Rxa3 26. Bd4 Bc8 27. Nxc8 Ra2 28.
Bc4 Ra4 1-0

[Event "ch-RUS Blitz w 2016"]
[Site "Sochi RUS"]
[Date "2016.10.04"]
[Round "22.1"]
[White "Girya, Olga"]
[Black "Bodnaruk, Anastasia"]
[Result "0-1"]
[WhiteTitle "WGM"]
[BlackTitle "IM"]
[WhiteElo "2446"]
[BlackElo "2463"]
[WhiteFideId "4195752"]
[BlackFideId "4181751"]
[EventDate "2016.10.04"]

1. d4 d6 2. Nf3 g6 3. e4 Bg7 4. c3 Nf6 5. Bd3 O-O 6. O-O Nbd7 7. Re1 e5 8. Qc2
c6 9. Nbd2 Qc7 10. a4 a5 11. h3 Re8 12. dxe5 dxe5 13. Nc4 Nc5 14. Bf1 Nh5 15. b4
axb4 16. cxb4 Ne6 17. Bb2 Nd4 18. Nxd4 exd4 19. Rad1 b5 20. Na5 c5 21. Bxb5 Bd7
22. Bxd4 Bxb5 23. axb5 Bxd4 24. Rxd4 Rxa5 25. bxa5 Qxa5 26. Rdd1 Qxb5 27. Rb1
Qc6 28. Rbc1 Nf4 29. Re3 Ne6 30. Ra1 Nd4 31. Qa4 Qe6 32. Rc1 Rc8 33. Qc4 Qd7 34.
Rd3 Rd8 35. Rcd1 Qe7 36. Re3 Nf3+ 37. Rxf3 Rxd1+ 38. Kh2 Rd4 39. Qa6 Rxe4 40.
Qc8+ Kg7 41. Qc6 c4 42. Qd5 Qe5+ 43. Qxe5+ Rxe5 44. Rc3 Rc5 45. Kg3 Kf6 46. Kf4
Ke6 47. Ke4 Rc8 48. Kd4 f5 49. Rxc4 Rxc4+ 50. Kxc4 Ke5 51. Kd3 Kf4 52. Ke2 g5
53. g3+ Ke4 54. f3+ Ke5 55. Ke3 h5 56. f4+ 0-1

[Event "ch-RUS Blitz w 2016"]
[Site "Sochi RUS"]
[Date "2016.10.04"]
[Round "22.2"]
[White "Charochkina, Daria"]
[Black "Goryachkina, Aleksandra"]
[Result "0-1"]
[WhiteTitle "IM"]
[BlackTitle "WGM"]
[WhiteElo "2366"]
[BlackElo "2460"]
[WhiteFideId "4180917"]
[BlackFideId "4147103"]
[EventDate "2016.10.04"]

1. c4 e6 2. Nc3 d5 3. d4 c6 4. Nf3 Nf6 5. Bg5 Nbd7 6. e3 h6 7. Bxf6 Nxf6 8. Bd3
Be7 9. O-O O-O 10. Rc1 dxc4 11. Bxc4 b5 12. Bb3 Bb7 13. Qe2 a6 14. e4 c5 15.
dxc5 Bxc5 16. e5 Bxf3 17. Qxf3 Nd7 18. Qe4 Qb6 19. Rcd1 Rad8 20. Rd3 Bxf2+ 21.
Rxf2 Nc5 22. Rxd8 Nxe4 23. Rxf8+ Kxf8 24. Nxe4 Qd4 25. Nc3 Qxe5 26. g3 b4 27.
Nd1 a5 28. Kg2 Qe4+ 29. Kg1 Qd4 30. Kf1 Qd3+ 31. Ke1 Qe4+ 32. Re2 Qc6 33. Rc2
Qh1+ 34. Ke2 Qxh2+ 35. Nf2 Qxg3 36. Rc8+ Ke7 37. Ra8 Qe5+ 38. Kf1 Qb5+ 39. Kg1
Qg5+ 40. Kf1 Qc1+ 41. Bd1 Qxb2 42. Ra7+ Kf8 43. Bb3 g5 44. Ra8+ Kg7 45. Ra7 Qd4
46. Rxa5 Qf4 47. Rc5 Qe3 48. Rc4 Qd2 49. Kg2 h5 50. Rc2 Qd4 51. Re2 h4 52. Re4
Qd6 53. Rg4 f6 54. Rc4 Qg3+ 55. Kf1 h3 56. Rg4 Qe3 57. Re4 Qf3 58. Rg4 h2 59.
Rg1 0-1

[Event "ch-RUS Blitz w 2016"]
[Site "Sochi RUS"]
[Date "2016.10.04"]
[Round "22.3"]
[White "Pogonina, Natalija"]
[Black "Nebolsina, Vera"]
[Result "1-0"]
[WhiteTitle "WGM"]
[BlackTitle "WGM"]
[WhiteElo "2484"]
[BlackElo "2219"]
[WhiteFideId "4147855"]
[BlackFideId "4163591"]
[EventDate "2016.10.04"]

1. d4 f5 2. c4 Nf6 3. Nc3 d6 4. e3 g6 5. Nf3 Bg7 6. b3 c6 7. Bb2 Be6 8. Be2 h6
9. O-O Bf7 10. Qc2 Nbd7 11. e4 fxe4 12. Nxe4 Nxe4 13. Qxe4 Nf6 14. Qc2 Qd7 15.
Nh4 g5 16. Nf5 Bf8 17. Bd3 O-O-O 18. d5 c5 19. Bxf6 exf6 20. Ng3 Kb8 21. Bf5 Qc7
22. Rfe1 h5 23. Be6 h4 24. Nf5 Bg6 25. Qc3 Bg7 26. a3 Rde8 27. b4 Rxe6 28. dxe6
Bxf5 29. e7 Re8 30. Qf3 Bg6 31. bxc5 Rxe7 32. Qd5 dxc5 33. Qg8+ Be8 34. Qxe8+
Rxe8 35. Rxe8+ Qc8 36. Rxc8+ Kxc8 37. Rd1 f5 38. Rd5 Bd4 39. Rxf5 a6 40. Rxg5 b5
41. cxb5 axb5 42. Kf1 Kc7 43. Ke2 Kc6 44. f4 Bb2 45. f5 Bxa3 46. f6 c4 47. f7 c3
48. Kd3 Be7 49. Rg8 b4 50. f8=Q Kd5 1-0

[Event "ch-RUS Blitz w 2016"]
[Site "Sochi RUS"]
[Date "2016.10.04"]
[Round "22.5"]
[White "Tomilova, Elena"]
[Black "Komiagina, Maria"]
[Result "1-0"]
[WhiteTitle "WIM"]
[BlackTitle "WIM"]
[WhiteElo "2309"]
[BlackElo "2247"]
[WhiteFideId "4162340"]
[BlackFideId "4153987"]
[EventDate "2016.10.04"]

1. c4 e5 2. g3 Nc6 3. Bg2 g6 4. Nc3 Bg7 5. e3 f5 6. d3 Nf6 7. Nge2 O-O 8. O-O d6
9. a3 Be6 10. Nd5 Rb8 11. b4 Ne7 12. Ndc3 c6 13. Rb1 d5 14. cxd5 cxd5 15. d4 e4
16. b5 g5 17. a4 h5 18. Ba3 Rf7 19. Qb3 Bf8 20. Rbc1 h4 21. f3 hxg3 22. hxg3
exf3 23. Bxf3 f4 24. exf4 gxf4 25. Nxf4 Bf5 26. Bxe7 Qxe7 27. Ncxd5 Qd6 28.
Nxf6+ Qxf6 29. Bd5 Qxd4+ 30. Kg2 Be4+ 31. Bxe4 Qxe4+ 32. Qf3 Qf5 33. Rh1 Rd8 34.
Rhd1 Rfd7 35. Rxd7 Rxd7 36. Qb3+ Kh7 37. Rh1+ Bh6 38. Qe3 Qf6 39. Qe4+ 1-0

[Event "ch-RUS Blitz w 2016"]
[Site "Sochi RUS"]
[Date "2016.10.04"]
[Round "22.6"]
[White "Drozdova, Dina"]
[Black "Potapova, Margarita"]
[Result "1-0"]
[WhiteTitle "WIM"]
[BlackTitle "WFM"]
[WhiteElo "2242"]
[BlackElo "2060"]
[WhiteFideId "4170695"]
[BlackFideId "14126869"]
[EventDate "2016.10.04"]

1. d4 d6 2. e4 e5 3. dxe5 dxe5 4. Qxd8+ Kxd8 5. Bc4 Ke7 6. Nc3 c6 7. Nf3 f6 8.
b3 Be6 9. Ba3+ Kf7 10. Bxe6+ Kxe6 11. Bxf8 Nd7 12. Bxg7 Ne7 13. Bxh8 Rxh8 14.
O-O-O Nc5 15. Kb2 Rg8 16. g3 a5 17. a4 h5 18. Nh4 Rb8 19. Rd2 b5 20. axb5 cxb5
21. f3 a4 22. b4 Na6 23. Nd5 Nxd5 24. exd5+ Kf7 25. c3 Nc7 26. Nf5 Na8 27. d6
Nb6 28. Ne3 Ke6 29. Rhd1 Kd7 30. Rd3 Ra8 31. Ka2 a3 32. Nd5 Na4 33. Nxf6+ Ke6
34. d7 Kxf6 35. d8=Q+ Rxd8 36. Rxd8 Nxc3+ 37. Kxa3 1-0

[Event "ch-RUS Blitz w 2016"]
[Site "Sochi RUS"]
[Date "2016.10.04"]
[Round "22.7"]
[White "Pustovoitova, Daria"]
[Black "Shaydullina, Sandugach"]
[Result "0-1"]
[WhiteTitle "FM"]
[BlackTitle "WGM"]
[WhiteElo "2386"]
[BlackElo "2142"]
[WhiteFideId "4182146"]
[BlackFideId "4140389"]
[EventDate "2016.10.04"]

1. d4 f5 2. c4 Nf6 3. Nc3 e6 4. a3 Be7 5. f3 d5 6. e3 O-O 7. Bd3 c6 8. Nge2 dxc4
9. Bxc4 b5 10. Ba2 Na6 11. O-O Kh8 12. Bd2 b4 13. axb4 Nxb4 14. Bc4 a5 15. Nf4
Nfd5 16. e4 Nc7 17. Be3 g5 18. Nd3 f4 19. Bf2 Rb8 20. Nc5 Bxc5 21. dxc5 e5 22.
Rxa5 Ncd5 23. Ra7 Ne3 24. Bxe3 fxe3 25. Qe2 Qd4 26. Rd1 Qxc5 27. Rc7 g4 28. Na4
Qa5 29. Rxc8 Rbxc8 30. b3 Qa7 31. Re1 Rcd8 32. Qxe3 Qxe3+ 33. Rxe3 Rd1+ 34. Kf2
Nc2 35. Rc3 Rd2+ 36. Kg3 Ne1 37. fxg4 Rxg2+ 38. Kh3 Rf6 39. Nb6 Rh6# 0-1

[Event "ch-RUS Blitz w 2016"]
[Site "Sochi RUS"]
[Date "2016.10.04"]
[Round "22.8"]
[White "Ambartsumova, Karina"]
[Black "Nechaeva, Marina"]
[Result "0-1"]
[WhiteTitle "WGM"]
[BlackTitle "IM"]
[WhiteElo "2280"]
[BlackElo "2428"]
[WhiteFideId "4166299"]
[BlackFideId "4149351"]
[EventDate "2016.10.04"]

1. e4 c6 2. d4 d5 3. f3 e6 4. Nc3 Bb4 5. Ne2 Ne7 6. Be3 b6 7. a3 Bd6 8. Qd2 Ba6
9. e5 Bc7 10. Ng3 Bxf1 11. Nxf1 c5 12. dxc5 Bxe5 13. O-O-O Nbc6 14. Ne2 O-O 15.
cxb6 axb6 16. f4 Bf6 17. g4 Na5 18. Bd4 Nc4 19. Qd3 Bxd4 20. Nxd4 Qc7 21. f5 e5
22. Nb3 f6 23. Ne3 Rfd8 24. Kb1 b5 25. h4 d4 26. Nf1 Nd5 27. g5 b4 28. gxf6 gxf6
29. Rg1+ Kh8 30. Nfd2 Nxd2+ 31. Rxd2 bxa3 32. bxa3 Rxa3 33. Rdg2 Rda8 34. Rg7
Qb6 35. Kc1 Qb4 36. Kd1 Ra1+ 37. Nxa1 Rxa1+ 38. Ke2 Nf4+ 39. Kf3 Ra8 40. Qe4
Qc3+ 41. Kf2 Qd2+ 42. Kf3 Ra3+ 43. Kg4 Kxg7 44. Qb7+ Kh6 45. Qf7 Qe2# 0-1

[Event "ch-RUS Blitz w 2016"]
[Site "Sochi RUS"]
[Date "2016.10.04"]
[Round "22.9"]
[White "Vasilevich, Tatjana"]
[Black "Severina, Maria"]
[Result "1-0"]
[WhiteTitle "IM"]
[BlackTitle "WIM"]
[WhiteElo "2372"]
[BlackElo "2232"]
[WhiteFideId "14101610"]
[BlackFideId "4116909"]
[EventDate "2016.10.04"]

1. d4 Nf6 2. c4 e6 3. Nc3 Bb4 4. Qc2 O-O 5. a3 Bxc3+ 6. Qxc3 b6 7. Bg5 Bb7 8. e3
d6 9. Qc2 Nbd7 10. Ne2 c5 11. Rd1 Qc7 12. Nc3 a6 13. f3 h6 14. Bh4 cxd4 15. Rxd4
d5 16. Bg3 Qc8 17. cxd5 Nxd5 18. e4 Nxc3 19. Qxc3 Qxc3+ 20. bxc3 Nc5 21. Bd6
Rfc8 22. Bxc5 Rxc5 23. Kd2 Rac8 24. c4 Kf8 25. Be2 Ra5 26. Rb1 Rxa3 27. Rxb6
Ra2+ 28. Ke3 Bc6 29. Rd6 Be8 30. Rxa6 Rb2 31. Rdb6 Rc2 32. Ra7 Rd8 33. Rb1 Rc3+
34. Kf2 Rd2 35. Ke1 Rd8 36. Kf2 Rd2 37. Ke1 Rd8 38. Rd1 Rb8 39. Rd2 Rb1+ 40. Kf2
Rb8 41. Rc7 Ba4 42. c5 Ke8 43. Ba6 Rc1 44. Bc8 Rc3 45. Bd7+ Bxd7 46. Rdxd7 Rb2+
47. Kg3 Rcc2 48. Re7+ Kd8 49. Rcd7+ Kc8 50. Rxf7 Rxg2+ 51. Kf4 Rbc2 52. Ra7 Kb8
53. Rae7 Rxc5 54. Rf8+ Rc8 55. Rff7 Rc3 56. Rxg7 Rxh2 57. Rxe6 Rh3 58. Re8+ Rc8
59. Rxc8+ Kxc8 60. Kg4 Rh1 61. Rh7 1-0

[Event "ch-RUS Blitz w 2016"]
[Site "Sochi RUS"]
[Date "2016.10.04"]
[Round "22.10"]
[White "Sukhareva, Evgeniya"]
[Black "Belenkaya, Dina"]
[Result "0-1"]
[BlackTitle "WFM"]
[WhiteElo "2151"]
[BlackElo "2313"]
[WhiteFideId "4167155"]
[BlackFideId "24142654"]
[EventDate "2016.10.04"]

1. d4 d5 2. Nf3 Nf6 3. c4 dxc4 4. e3 e6 5. Bxc4 a6 6. a4 c5 7. O-O Nc6 8. Nc3
Be7 9. Qd3 O-O 10. Rd1 cxd4 11. exd4 Nd5 12. Ne4 Ncb4 13. Qe2 b6 14. Ne5 Bb7 15.
Ra3 Rc8 16. Rh3 g6 17. Qd2 h5 18. Qh6 Bf6 19. Nxg6 fxg6 20. Qxg6+ Bg7 21. Ng5
Rf6 22. Qh7+ Kf8 23. Qxh5 Rxc4 24. Nh7+ Kg8 25. Bg5 Nf4 26. Nxf6+ Bxf6 27. Qh7+
Kf8 28. Bxf4 Bg7 29. Bh6 Qf6 30. Bxg7+ Qxg7 31. Qh4 Rc7 32. Qd8+ Kf7 33. Rh8 Re7
34. g3 0-1

[Event "ch-RUS Blitz w 2016"]
[Site "Sochi RUS"]
[Date "2016.10.04"]
[Round "22.11"]
[White "Baraeva, Marina"]
[Black "Vasilevich, Irina"]
[Result "1-0"]
[WhiteTitle "WIM"]
[BlackTitle "IM"]
[WhiteElo "2173"]
[BlackElo "2285"]
[WhiteFideId "24142573"]
[BlackFideId "4141296"]
[EventDate "2016.10.04"]

1. d4 e6 2. c4 b6 3. a3 Bb7 4. Nc3 f5 5. Nf3 Nf6 6. g3 Be7 7. Bg2 O-O 8. O-O Ne4
9. Qc2 Nxc3 10. Qxc3 Bf6 11. Qd3 Be4 12. Qd1 a5 13. Ne1 Bxg2 14. Kxg2 a4 15. Nf3
d6 16. Bd2 c5 17. Bc3 Nc6 18. d5 Bxc3 19. bxc3 Na5 20. dxe6 Qe7 21. Qd5 Rf6 22.
Qxa8+ 1-0

[Event "ch-RUS Blitz w 2016"]
[Site "Sochi RUS"]
[Date "2016.10.04"]
[Round "22.12"]
[White "Belova, Olga"]
[Black "Sazonova, Anastasia"]
[Result "1-0"]
[WhiteTitle "WFM"]
[BlackTitle "WFM"]
[WhiteElo "2035"]
[BlackElo "2115"]
[WhiteFideId "4138422"]
[BlackFideId "24131008"]
[EventDate "2016.10.04"]

1. e4 e6 2. d4 d5 3. Nc3 Nf6 4. Bg5 dxe4 5. Nxe4 Nbd7 6. Nf3 Be7 7. Nxf6+ Bxf6
8. Bxf6 Nxf6 9. Bd3 O-O 10. Qe2 b6 11. O-O-O Bb7 12. Rhg1 a5 13. g4 Qd5 14. Ne5
Qxa2 15. g5 Nd5 16. Bxh7+ Kxh7 17. Qh5+ Kg8 18. g6 fxg6 19. Qxg6 1-0

[Event "ch-RUS Blitz w 2016"]
[Site "Sochi RUS"]
[Date "2016.10.04"]
[Round "22.13"]
[White "Vyrtosu, Natalia"]
[Black "Makarenko, Alexandra"]
[Result "0-1"]
[BlackTitle "WFM"]
[WhiteElo "1668"]
[BlackElo "2243"]
[WhiteFideId "34187518"]
[BlackFideId "4165055"]
[EventDate "2016.10.04"]

1. d4 Nf6 2. Nf3 g6 3. g3 Bg7 4. Bg2 O-O 5. O-O d6 6. e3 Nbd7 7. c4 e5 8. dxe5
Nxe5 9. Nxe5 dxe5 10. Qxd8 Rxd8 11. Nc3 c6 12. Rd1 Be6 13. b3 Rxd1+ 14. Nxd1 Rd8
15. Bb2 Ng4 16. h3 Nh6 17. Kf1 f5 18. Ke2 Nf7 19. Rc1 Kf8 20. Rc2 Ke7 21. Rd2
Rxd2+ 22. Kxd2 Bh6 23. Ke2 f4 24. exf4 exf4 25. Bc1 f3+ 26. Bxf3 Bxc1 27. Nc3
Bf5 28. g4 Bc2 29. Na4 Kd6 30. c5+ Ke5 31. Nc3 Bb2 32. Na4 Bd4 33. Bg2 g5 34.
Bf3 Nd8 35. Kd2 Bb1 36. a3 Ne6 37. Kc1 Bd3 38. Kd2 Bb5 39. Be2 Bxe2 40. Kxe2
Nxc5 41. Nxc5 Bxc5 42. b4 Bd4 43. Kf3 b5 44. Kg3 Bb2 45. Kf3 Bxa3 46. Kg3 Bxb4
47. h4 h6 48. f4+ gxf4+ 49. Kf3 a5 50. g5 hxg5 51. h5 Bf8 52. Kg4 Bh6 53. Kf3 a4
54. Kg4 a3 55. Kf3 a2 56. Kg2 a1=Q 57. Kh3 Qh1+ 58. Kg4 Qh4+ 59. Kf3 g4+ 60. Ke2
Qh2+ 61. Kd3 f3 62. Kc3 Qd2+ 63. Kb3 Qd5+ 64. Kc3 Bd2+ 65. Kc2 f2 66. h6 f1=Q
67. h7 Qc1# 0-1

[Event "ch-RUS Blitz w 2016"]
[Site "Sochi RUS"]
[Date "2016.10.04"]
[Round "22.14"]
[White "Travkina, Anastasia"]
[Black "Semenova, Elena1"]
[Result "0-1"]
[WhiteTitle "WFM"]
[BlackTitle "WIM"]
[WhiteElo "2292"]
[BlackElo "2256"]
[WhiteFideId "24129151"]
[BlackFideId "24125148"]
[EventDate "2016.10.04"]

1. e4 e5 2. Nf3 Nc6 3. Bc4 Nf6 4. O-O Bc5 5. b4 Bb6 6. a4 a6 7. d3 O-O 8. Bb2 d6
9. c3 Bg4 10. Nbd2 d5 11. exd5 Nxd5 12. h3 Bh5 13. Bxd5 Qxd5 14. Qb1 Qe6 15. Re1
Qh6 16. Bc1 Qf6 17. Ne4 Qg6 18. Nh4 Qe6 19. Nc5 Bxc5 20. bxc5 Rad8 21. d4 Qf6
22. Qxb7 exd4 23. cxd4 Nxd4 24. Qe4 Ne2+ 25. Kh1 Rfe8 26. Qb4 Rd4 27. Qa5 Rxh4
28. Be3 h6 29. Qxc7 Bf3 30. Kh2 Bxg2 31. Kxg2 Nf4+ 32. Bxf4 Rxe1 33. Rxe1 Rxf4
34. Qc8+ Kh7 35. Qd7 Rxf2+ 36. Kg1 Rf3 37. Qg4 Rf4 38. Qe2 Qd4+ 39. Kg2 Qxc5 40.
Qd3+ Qf5 41. Qxf5+ Rxf5 42. Re7 Kg6 43. Ra7 Ra5 44. Rb7 Rxa4 45. Kg3 f6 0-1

[Event "ch-RUS Blitz w 2016"]
[Site "Sochi RUS"]
[Date "2016.10.04"]
[Round "22.15"]
[White "Pavlova, Natalia"]
[Black "Abramova, Yulia"]
[Result "1-0"]
[WhiteElo "1990"]
[BlackElo "1969"]
[WhiteFideId "24135615"]
[BlackFideId "24104655"]
[EventDate "2016.10.04"]

1. Nf3 Nf6 2. g3 d5 3. Bg2 c5 4. O-O Nc6 5. d3 e5 6. Nbd2 Bg4 7. h3 Bf5 8. Re1
Qd7 9. Kh2 O-O-O 10. c4 d4 11. Qa4 Bd6 12. a3 e4 13. dxe4 Nxe4 14. Nxe4 Bxe4 15.
Bd2 h5 16. h4 Qe7 17. b4 Rhe8 18. b5 Nb8 19. Qxa7 Bxf3 20. Bxf3 Qxh4+ 21. Kg2
Qe7 22. a4 h4 23. Bg4+ Nd7 24. b6 Bb8 25. Qa5 h3+ 26. Bxh3 Qe4+ 27. f3 Qc6 28.
Qb5 Qd6 29. Bf4 Qc6 30. Qxc6+ bxc6 31. a5 Bxf4 32. gxf4 Kb7 33. Bxd7 Rxd7 34.
Kf2 Ka6 35. Rg1 g6 36. Rg5 Rde7 37. Ra2 Re3 38. Rxc5 Rc3 39. Rxc6 Kb7 40. Rc7+
Kb8 41. Rxf7 Rxc4 42. a6 1-0